Sonatina piano 4 ms /

Hlavní autor: Bartoň, Hanuš, 1960-2023
Další autoři: Němcová, Jitka, Němec, Věroslav, 1952-
Jazyk: Nelze použít, není lingvistický obsah
Vydáno: Praha : Supraphon, 1985
Vydání: 1. vyd.
Edice: Hudební novinky pro mládež
Fyzický popis: 27 s.
Hudebniny Hudebniny
Uloženo v:
LEADER 00920ncm a22002652a 4500
001 001200247
003 CZ BrMZK
005 20120326072921.0
007 qu
008 120313s1985 xr |||||||||||||||||zxx d
040 |a BOA001  |b cze 
072 7 |a 786  |x Hudba pro klávesové nástroje  |2 Konspekt  |9 9 
100 1 |a Bartoň, Hanuš,  |d 1960-2023  |7 jn19990209018  |4 cmp 
245 1 0 |a Sonatina  |h [hudebnina] :  |b piano 4 ms /  |c Hanuš Bartoň ; revidovali Jitka a Věroslav Němcovi 
250 |a 1. vyd. 
260 |a Praha :  |b Supraphon,  |c 1985 
300 |a 27 s. 
490 1 |a Hudební novinky pro mládež 
700 1 |a Němcová, Jitka  |7 jx20090611043  |4 edt 
700 1 |a Němec, Věroslav,  |d 1952-  |7 ola2003193898  |4 edt 
830 0 |a Hudební novinky pro mládež 
910 |a BOA001  |b Mus4-0895.992 
990 |a MU 
991 |b 201203 
996 6 |b 2619070916  |c Mus4-0895.992  |l MZK  |r Sklad / do 1 hodiny  |n 0  |w 001233813  |u 000010  |a 1  |e BOA001  |j MZK50  |s P